000 02051nam a2200553 i 4500
001 20403
003 KOSZ 005
005 20221024112812.0
008 201208s1975 pl a f 001 0 pol
015 _aUWD 1975/6947
035 _a991022456319705066
035 _a(PL-WaBN)b1605555x-48omnis_nlop
035 _ab1605555x
035 _a(OCoLC)831081802
035 _a(PL)b0000001605555
035 _a(EXLNZ-48OMNIS_NETWORK)9910215808905606
040 _aWA N
_cWA N
_dKOSZ 005/HR
_dKOSZ 005/RW
041 1 _apol
_heng
046 _k1971
080 _a678
080 _a539.3/.6
080 _a(07)
100 1 _aWard, I. M.
_d(1928- )
_eAutor
245 1 0 _aMechaniczne własności polimerów jako tworzyw konstrukcyjnych /
_cI. M. Ward ; tłumaczył Jerzy Zawadzki.
246 1 _iTytuł oryginału:
_aMechanical properties of solid polymers,
_f1971
260 _aWarszawa :
_bPaństwowe Wydawnictwo Naukowe,
_c1975.
300 _a374, [1] strony :
_bilustracje, tablice, wykresy ;
_c24 cm.
336 _aTekst
_btxt
_2rdacontent
337 _aBez urządzenia pośredniczącego
_bn
_2rdamedia
338 _aWolumin
_bnc
_2rdacarrier
380 _aKsiążki
380 _aPublikacje dydaktyczne
385 _mPoziom nauczania
_aSzkoły wyższe
388 1 _a1901-2000
388 1 _a1945-1989
504 _aBibliografia przy rozdziałach. Indeks.
521 8 _aKsiążka przeznaczona dla studentów wydziałów mechanicznych i chemicznych wyższych szkół technicznych.
650 7 _aPolimery
_2DBN
650 7 _aTworzywa konstrukcyjne
_2DBN
650 7 _aWłaściwości mechaniczne
650 7 _aWytrzymałość materiałów
_2DBN
655 7 _aPodręcznik
658 _aInżynieria i technika
710 2 _aPaństwowe Wydawnictwo Naukowe
_4pbl
700 1 _aZawadzki, Jerzy
_d(1926-1997)
_eTłumaczenie
856 _uhttp://koha.tu.koszalin.pl/cgi-bin/koha/opac-detail.pl?biblionumber=20403
_yKatalog online BPK
942 _2UKD
_cKS
999 _c20403
_d20403